| 000 | 00650nam a2200217 i 4500 | ||
|---|---|---|---|
| 001 | bg | ||
| 245 | 0 | 0 |
_aWielka encyklopedia PWN. _n9, _pFenicja - gazy bojowe / _c[red. nacz. Jan Wojnowski]. |
| 260 |
_aWarszawa : _bWydaw. Naukowe PWN, _ccop. 2002. |
||
| 300 |
_a576 s. : _bil. (w tym kolor.), mapy kolor. ; _c30 cm. |
||
| 650 | 9 | _aEncyklopedia polska | |
| 700 | 1 |
_aWOJNOWSKI, Jan. _eRed. |
|
| 020 | _a8301136723 (t. 9) | ||
| 020 | _a8301133570 (30 t.) | ||
| 040 | _cBPK | ||
| 041 | 0 | _apl | |
| 080 | _a0/9(03) | ||
| 920 | _a83-01-13672-3 (t. 9) | ||
| 920 | _a83-01-13357-0 (30 t.) | ||
| 942 | _cKS | ||
| 008 | s pl f |000 0 pol | ||
| 999 |
_c41032 _d41032 |
||
| 856 |
_uhttp://koha.tu.koszalin.pl/cgi-bin/koha/opac-detail.pl?biblionumber=41032 _yKatalog online BPK |
||